[Event "The OT.Com Tournament"]
[Site "SchemingMind.com"]
[Date "2006.05.05"]
[Round "-"]
[White "oojason"]
[Black "KingsClash"]
[Result "1-0"]
[WhiteCountry "ENG"]
[BlackCountry "USA"]
[WhiteElo "1654"]
[WhiteRD "158"]
[BlackElo "1216"]
[BlackRD "79"]
[GameID "49550"]

1. e4 c5 2. d4 cxd4 3. Qxd4 Nc6 4. Qe3 e5 5. c3 g6 6. f3 Nf6 7. g4 h5 8. g5 Nh7 9. h4 f5 10. exf5 gxf5
11. f4 Qe7 12. fxe5 Nxe5 13. Be2 Ng4 14. Qd4 Bg7 15. Qf4 d6 16. Kf1 Be5 17. Qxf5 Bxf5 18. Bxg4 Bxg4 19. Nd2 Bg3 20. Ngf3 Rf8
21. Kg2 Bf4 22. Re1 Be6 23. Ne4 Bd5 24. Nf6+ Nxf6 25. Rxe7+ Kxe7 26. Bxf4 Ng4 27. Re1+ Kd7 28. Kg3 Rg8 29. Nd4 a5 30. Nf5 b5
31. Ne7 Rge8 32. Nxd5 Kc6 33. Rxe8 Rxe8 34. Nf6 Rf8 35. Nxg4 hxg4 36. Kxg4 d5 37. g6 Rg8 38. Kg5 b4 39. h5 d4 40. cxd4 Kd5
41. Be5 a4 42. h6 Kc4 43. h7 Re8 44. g7 Kd3 45. h8=Q Rxh8 46. gxh8=Q b3 47. a3 Kc2 48. d5 Kb1 49. Kf4 Ka2 50. Ke3 Ka1
51. Kd2 Kb1 52. Qc8 Ka2 53. Kc1 Ka1 54. Qf5
1-0

[Event "The OT.Com Tournament"]
[Site "SchemingMind.com"]
[Date "2006.05.05"]
[Round "-"]
[White "KingsClash"]
[Black "oojason"]
[Result "0-1"]
[WhiteCountry "USA"]
[BlackCountry "ENG"]
[WhiteElo "1216"]
[WhiteRD "79"]
[BlackElo "1654"]
[BlackRD "158"]
[GameID "49551"]

1. e4 d5 2. Nc3 d4 3. Nd5 c6 4. Nf4 e5 5. Nd3 Bd6 6. Nf3 f6 7. c3 c5 8. c4 Bg4 9. Qa4+ Qd7 10. Qb3 b6
11. h3 Bxf3 12. Be2 Bxe2 13. Kxe2 Qc6 14. f4 exf4 15. Rf1 Qxe4+ 16. Kd1 Qxg2 17. Qb5+ Kd8 18. Re1 Ne7 19. b4 cxb4 20. Rb1 Qf3+
21. Kc2 Kc7 22. c5 bxc5 23. a3 a5 24. axb4 axb4 25. Qc4 Kb6 26. Qf7 Nbc6 27. Qxg7 c4 28. Nxf4 Qxf4 29. Qg4 b3+ 30. Kb2 Ra2#
0-1

[Event "The OT.Com Tournament"]
[Site "SchemingMind.com"]
[Date "2006.05.05"]
[Round "-"]
[White "ricarleite"]
[Black "KingsClash"]
[Result "0-1"]
[WhiteCountry "BRA"]
[BlackCountry "USA"]
[WhiteElo "999"]
[WhiteRD "150"]
[BlackElo "1211"]
[BlackRD "70"]
[GameID "49558"]

1. e4 c5 2. Bd3 Nf6 3. Ne2 b6 4. O-O e6 5. e5 Nd5 6. Na3 g6 7. Bc4 Ba6 8. Nc3 b5 9. Bxb5 Be7 10. d4 c4
11. Ne4 Bxa3 12. Nc5 Bxc5 13. dxc5 Bxb5 14. a4 Bc6 15. c3 Qa5 16. Bg5 Qxc5 17. b4 Nxb4 18. cxb4 Qxb4 19. Bd2 Qb2 20. a5 Qxe5
21. g3 Bb5 22. f4 Qe4 23. Bc3 Qe3+ 24. Kg2 Qxc3 25. Rf3 Bc6 26. Qd6 Bxf3+ 27. Kf1 Qxa1+ 28. Kf2 Qd1
0-1

[Event "The OT.Com Tournament"]
[Site "SchemingMind.com"]
[Date "2006.05.05"]
[Round "-"]
[White "ricarleite"]
[Black "oojason"]
[Result "0-1"]
[WhiteCountry "BRA"]
[BlackCountry "ENG"]
[WhiteElo "999"]
[WhiteRD "150"]
[BlackElo "1508"]
[BlackRD "89"]
[GameID "49559"]

1. e4 d5 2. Nc3 d4 3. Nd5 e6 4. Nf4 e5 5. Nd5 c6 6. Nb4 Bxb4 7. a3 Bf8 8. c3 Nf6 9. Nf3 Bg4 10. b4 Nxe4
11. b5 c5 12. Be2 Bxf3 13. Bxf3 f5 14. O-O a5 15. a4 b6 16. d3 Nxc3 17. Qe1 Ra7 18. Qxe5+ Re7 19. Qxf5 g6 20. Qg4 Re5
21. Bf4 Rf5 22. Qg3 Nd7 23. Bg4 Rf6 24. Qh3 Rxf4 25. Bxd7+ Qxd7 26. Rfe1+ Kd8 27. g3 Qxh3 28. gxf4 h5 29. f5 Qg4+ 30. Kf1 Qxf5
31. Rac1 Qf4 32. Rc2 Qxh2
0-1

[Event "The OT.Com Tournament"]
[Site "SchemingMind.com"]
[Date "2006.05.05"]
[Round "-"]
[White "KingsClash"]
[Black "ricarleite"]
[Result "1-0"]
[WhiteCountry "USA"]
[BlackCountry "BRA"]
[WhiteElo "1211"]
[WhiteRD "70"]
[BlackElo "999"]
[BlackRD "150"]
[GameID "49560"]

1. e4 e5 2. f4 exf4 3. d4 Nf6 4. Nc3 Bb4 5. Bxf4 O-O 6. Qe2 Qe8 7. O-O-O g6 8. Qe3 Nh5 9. Nd5 Bd6 10. Bxd6 cxd6
11. Nc7 Qd8 12. Nxa8 f5 13. Bc4+ Kg7 14. Nf3 d5 15. Bxd5 d6 16. exf5 gxf5 17. Qg5+ Kh8 18. Qxh5 Rg8 19. Bxg8 Kxg8 20. Qg5+ Qxg5+
21. Nxg5 h6 22. Ne6 Bxe6 23. Rde1 Bxa2 24. Re8+ Kf7 25. Nc7 f4 26. Rhe1 h5 27. Nd5 Kg6 28. Nxf4+
1-0

[Event "The OT.Com Tournament"]
[Site "SchemingMind.com"]
[Date "2006.05.05"]
[Round "-"]
[White "oojason"]
[Black "ricarleite"]
[Result "1-0"]
[WhiteCountry "ENG"]
[BlackCountry "BRA"]
[WhiteElo "1654"]
[WhiteRD "158"]
[BlackElo "1253"]
[BlackRD "255"]
[GameID "49561"]

1. e4 e5 2. d4 Nf6 3. Qd3 d5 4. dxe5 Nxe4 5. f3 Qh4+ 6. Ke2 Ng3+ 7. Kd1 Nxh1 8. Be3 Nf2+ 9. Bxf2 Qxf2 10. Nh3 Be7
11. Nxf2 O-O 12. Qxd5 Nc6 13. Qe4 Nb4 14. c3 Nc6 15. Bd3 Nd8 16. Qxh7#
1-0

[Event "The OT.Com Tournament"]
[Site "SchemingMind.com"]
[Date "2006.05.06"]
[Round "-"]
[White "DirtyWookie"]
[Black "KingsClash"]
[Result "0-1"]
[WhiteCountry "GBR"]
[BlackCountry "USA"]
[WhiteElo "950"]
[WhiteRD "194"]
[BlackElo "1216"]
[BlackRD "79"]
[GameID "49573"]

1. e4 c5 2. d3 e5 3. Nc3 d6 4. h4 Nf6 5. Bg5 Be7 6. Nf3 O-O 7. Nd5 h6 8. Bxf6 Bxf6 9. b4 Be6 10. g3 Bxd5
11. exd5 cxb4 12. c3 bxc3 13. Rc1 Qc8 14. d4 g5 15. hxg5 hxg5 16. Rh6 c2 17. Rxc2 Qf5 18. dxe5 dxe5 19. Rc7 Na6 20. Rxb7 e4
21. Nd4 Qxd5 22. Rxf6 Nc5 23. Qh5 Qxb7 24. Nf5 Qb1+ 25. Ke2 Qxa2+ 26. Ke1 Qa1+ 27. Qd1 Qxf6 28. Bg2 Qxf5 29. Qd4 Nd3+ 30. Ke2 Qxf2+
31. Qxf2 Nxf2 32. Kxf2 Rfe8 33. g4 Rab8 34. Bf1 Rec8 35. Ke3 Rb4 36. Ba6 Rc3+ 37. Kd2 Rh3 38. Bf1 Rb2+ 39. Kc1 Rhh2 40. Bc4 Rbc2+
41. Kd1 Rxc4 42. Ke1 Rc1#
0-1

[Event "The OT.Com Tournament"]
[Site "SchemingMind.com"]
[Date "2006.05.06"]
[Round "-"]
[White "DirtyWookie"]
[Black "oojason"]
[Result "0-1"]
[WhiteCountry "GBR"]
[BlackCountry "ENG"]
[WhiteElo "950"]
[WhiteRD "194"]
[BlackElo "1654"]
[BlackRD "158"]
[GameID "49574"]

1. e4 d5 2. Bb5+ c6 3. Nc3 cxb5 4. Nxd5 e6 5. Nf3 exd5 6. exd5 Bg4 7. O-O Qxd5 8. c4 bxc4 9. Qa4+ b5 10. Qa5 Nc6
11. Qc7 Rc8 12. Qf4 h5 13. b3 f6 14. Re1+ Nge7 15. h3 Bxf3 16. gxf3 Ne5 17. bxc4 bxc4 18. Rb1 Nd3 19. Qe3 Nxe1 20. Qxa7 Nxf3+
21. Kf1 Qd3+ 22. Kg2 Ne1+ 23. Kh2 Qxb1 24. Ba3 Nc6 25. Qa4 Bxa3 26. Qxc4 Nf3+ 27. Kg3 Nxd2 28. Qe6+ Kd8 29. Qf7 Qd3+ 30. Kf4 Qf3#
0-1

[Event "The OT.Com Tournament"]
[Site "SchemingMind.com"]
[Date "2006.05.06"]
[Round "-"]
[White "DirtyWookie"]
[Black "ricarleite"]
[Result "1-0"]
[WhiteCountry "GBR"]
[BlackCountry "BRA"]
[WhiteElo "1019"]
[WhiteRD "169"]
[BlackElo "974"]
[BlackRD "147"]
[GameID "49575"]

1. e4 e5 2. Nf3 Nf6 3. d3 Bd6 4. c4 O-O 5. Bg5 Bb4+ 6. Nc3 Nc6 7. a3 Ba5 8. g4 d6 9. b4 Bb6 10. Nb5 Nxg4
11. c5 dxc5 12. Nxe5 c4 13. dxc4 Nxf2 14. Qf3 f6 15. c5 Bxc5 16. bxc5 Nxe5 17. Qb3+
1-0

[Event "The OT.Com Tournament"]
[Site "SchemingMind.com"]
[Date "2006.05.05"]
[Round "-"]
[White "KingsClash"]
[Black "DirtyWookie"]
[Result "1-0"]
[WhiteCountry "USA"]
[BlackCountry "GBR"]
[WhiteElo "1216"]
[WhiteRD "79"]
[BlackElo "950"]
[BlackRD "194"]
[GameID "49577"]

1. e4 e5 2. f4 d5 3. Nc3 exf4 4. exd5 h5 5. Nf3 Nf6 6. Bd3 Ng4 7. Qe2+ Ne3 8. dxe3 fxe3 9. Bxe3 Bb4 10. Bb5+ c6
11. Bd3 cxd5 12. O-O-O Nc6 13. Ng5 Bg4 14. Nf3 Ne5 15. h3 Bxf3 16. gxf3 Rh6 17. Bxh6 gxh6 18. Qxe5+ Kf8 19. Nxd5 f6 20. Qxh5 Kg7
21. Nxb4 Rc8 22. Rhg1+ Kh8 23. Qxh6#
1-0

[Event "The OT.Com Tournament"]
[Site "SchemingMind.com"]
[Date "2006.05.05"]
[Round "-"]
[White "oojason"]
[Black "DirtyWookie"]
[Result "1-0"]
[WhiteCountry "ENG"]
[BlackCountry "GBR"]
[WhiteElo "1654"]
[WhiteRD "158"]
[BlackElo "950"]
[BlackRD "194"]
[GameID "49578"]

1. e4 d5 2. e5 Bg4 3. Qxg4 Nc6 4. d4 Nh6 5. Bxh6 gxh6 6. Bb5 e6 7. f4 a6 8. Bxc6+ bxc6 9. a3 f5 10. Qf3 Rg8
11. g3 Rb8 12. b4 a5 13. c3 c5 14. bxc5 h5 15. Qf2 h4 16. gxh4 Rg4 17. h3 Qxh4 18. Qxh4 Rxh4 19. Nf3 Rxf4 20. Nfd2 Rh4
21. Rh2 Rh5 22. Nf3 f4 23. a4 Be7 24. Na3 Bh4+ 25. Nxh4 Rxh4 26. Rb1 f3 27. Rxb8+ Kd7 28. Kf2 Ke7 29. Kxf3 Rh5 30. Nb5 c6
31. Rb7+ Kf8 32. Rg2 Rxh3+ 33. Kf2 Ke8 34. Rg8#
1-0

[Event "The OT.Com Tournament"]
[Site "SchemingMind.com"]
[Date "2006.05.05"]
[Round "-"]
[White "ricarleite"]
[Black "DirtyWookie"]
[Result "0-1"]
[WhiteCountry "BRA"]
[BlackCountry "GBR"]
[WhiteElo "974"]
[WhiteRD "150"]
[BlackElo "1019"]
[BlackRD "172"]
[GameID "49579"]

1. e4 d5 2. exd5 c6 3. Nc3 Qa5 4. dxc6 Nxc6 5. a4 g5 6. d3 Bg7 7. Nh3 Qe5+ 8. Ne4 Nd4 9. Bxg5 f6 10. Bf4 Qe6
11. Be2 Qb6 12. c3 Qxb2 13. cxd4 Qxd4 14. a5 b6 15. O-O Nh6 16. axb6 Qxb6 17. Rc1 Bd7 18. Be3 Qb2 19. Nc5 Rc8 20. Bf3 f5
0-1

[Event "The OT.Com Tournament"]
[Site "SchemingMind.com"]
[Date "2006.05.05"]
[Round "-"]
[White "whitehaven"]
[Black "KingsClash"]
[Result "1-0"]
[WhiteCountry "CAN"]
[BlackCountry "USA"]
[WhiteElo "1693"]
[WhiteRD "164"]
[BlackElo "1198"]
[BlackRD "75"]
[GameID "49581"]

1. e4 c5 2. a3 Nf6 3. Nc3 d5 4. exd5 Bg4 5. Be2 e6 6. Bxg4 Bd6 7. dxe6 h5 8. exf7+ Kxf7 9. Bh3 Qe8+ 10. Nge2 Qe5
11. d3 Nbd7 12. Bf4 Qe7 13. O-O Rac8 14. Nb5 Bxf4 15. Nxf4 a6 16. Re1 Ne5 17. Be6+ Ke8 18. Rxe5 Rd8 19. Ng6 Ng4 20. Nc7+ Qxc7
21. Bxg4+ Qxe5 22. Nxe5 hxg4 23. Qxg4 Rf8 24. Re1 Rd5 25. Nc6+ Kf7 26. Qe6#
1-0

[Event "The OT.Com Tournament"]
[Site "SchemingMind.com"]
[Date "2006.05.05"]
[Round "-"]
[White "whitehaven"]
[Black "oojason"]
[Result "1-0"]
[WhiteCountry "CAN"]
[BlackCountry "ENG"]
[WhiteElo "1835"]
[WhiteRD "211"]
[BlackElo "1654"]
[BlackRD "158"]
[GameID "49582"]

1. g3 e5 2. Bg2 Qf6 3. d3 Bb4+ 4. Bd2 Bc5 5. Nh3 d6 6. Nc3 Bxh3 7. Ne4 Qf5 8. O-O Bxg2 9. Kxg2 d5 10. Nxc5 b6
11. e4 Qf6 12. Nb7 Qc6 13. exd5 Qxb7 14. c4 c5 15. Re1 f6 16. Qh5+ g6 17. Rxe5+ Ne7 18. Rxe7+ Kxe7 19. Qe2+ Kd8 20. Re1 Qf7
21. Qf3 Nd7 22. d6 Rc8 23. Re7 Qf8 24. Qb7 Ne5 25. Qxa7 f5 26. Qxb6+ Rc7 27. Qxc7#
1-0

[Event "The OT.Com Tournament"]
[Site "SchemingMind.com"]
[Date "2006.05.05"]
[Round "-"]
[White "whitehaven"]
[Black "DirtyWookie"]
[Result "1-0"]
[WhiteCountry "CAN"]
[BlackCountry "GBR"]
[WhiteElo "1693"]
[WhiteRD "164"]
[BlackElo "1071"]
[BlackRD "182"]
[GameID "49584"]

1. b3 d5 2. Ba3 Bf5 3. Nc3 Nc6 4. e3 e6 5. d3 h5 6. e4 Bg4 7. f3 Qh4+ 8. g3 Qg5 9. Bxf8 Kxf8 10. h4 Qe3+
11. Be2 Nd4 12. Kf1 dxe4 13. Qc1 Qxc1+ 14. Rxc1 exf3 15. Bd1 Nf5 16. Ne4 Ne3+ 17. Kf2 Nf5 18. Bxf3 Rd8 19. Bxg4 hxg4 20. Ne2 Rh5
21. c4 Rxd3 22. Nf4 Rh6 23. Nxd3 Nge7 24. Rcd1 Ke8 25. Ndc5 e5 26. Nxb7 Ra6 27. Rd8#
1-0

[Event "The OT.Com Tournament"]
[Site "SchemingMind.com"]
[Date "2006.05.05"]
[Round "-"]
[White "KingsClash"]
[Black "whitehaven"]
[Result "0-1"]
[WhiteCountry "USA"]
[BlackCountry "CAN"]
[WhiteElo "1198"]
[WhiteRD "75"]
[BlackElo "1693"]
[BlackRD "164"]
[GameID "49586"]

1. e4 b6 2. Nc3 Ba6 3. d3 e5 4. Be3 Nh6 5. Qf3 Bb4 6. O-O-O Bb7 7. Qg3 Nc6 8. a3 Bxc3 9. bxc3 Qf6 10. Bg5 Qd6
11. Nf3 f6 12. Be3 O-O-O 13. Qxg7 Ng8 14. Qxh8 Qe7 15. d4 Nh6 16. Qxd8+ Kxd8 17. Bxh6 exd4 18. cxd4 Qxa3+ 19. Kd2 Nxd4 20. Bd3 c5
21. Ra1 Qb4+ 22. Ke3 Qc3 23. Nxd4 Qxd4+ 24. Kd2 Bxe4 25. Rxa7 c4 26. Be3 c3+ 27. Ke2 Bxd3+ 28. Kf3 Be4+ 29. Kg3 Qe5+ 30. Bf4 Qh5
31. f3 f5 32. Rd1 Bc6 33. Kf2 Qh4+ 34. Ke3 Qe7+ 35. Kf2 Qc5+ 36. Be3 Qb4 37. Rd4 Qb2 38. Bg5+ Kc8 39. Rf4 Qxc2+ 40. Kg3 Kb8
41. Ra6 Kb7 42. Ra1 Qb2 43. Rfa4 Bxa4 44. Rxa4 c2 45. Rc4 Qb3 46. Rxc2 Qxc2 47. f4 b5 48. Be7 Qd1 49. h3 Qe1+ 50. Kh2 Qxe7
0-1

[Event "The OT.Com Tournament"]
[Site "SchemingMind.com"]
[Date "2006.05.05"]
[Round "-"]
[White "oojason"]
[Black "whitehaven"]
[Result "0-1"]
[WhiteCountry "ENG"]
[BlackCountry "CAN"]
[WhiteElo "1533"]
[WhiteRD "106"]
[BlackElo "1693"]
[BlackRD "164"]
[GameID "49587"]

1. e4 e6 2. d4 c5 3. dxc5 Qa5+ 4. c3 Qxc5 5. Be3 Qe5 6. f3 Nf6 7. Bd3 d5 8. Bd4 Qg5 9. g4 b6 10. Bxf6 Qxf6
11. h4 d4 12. c4 Ba6 13. a3 Bd6 14. g5 Bg3+ 15. Kf1 Qe5 16. Ne2 Bh2 17. Qd2 Nc6 18. f4 Bxf4 19. Nxf4 Rc8 20. b4 f5
21. exf5 exf5 22. b5 Na5 23. Ra2 Nb3 24. Qf2 Bb7 25. Rh3 Nc1 26. Rc2 Nxd3 27. Nxd3 Qd6 28. a4 O-O 29. Nd2 Qa3 30. Qxd4 Rcd8
31. Qc3 Qxa4 32. Nf4 Rde8 33. Kf2 a6 34. Re3 Rc8 35. Ne6 Rf7 36. h5 g6 37. Rc1 axb5 38. Ra1 b4 39. Qb2 Qd7 40. h6 f4
41. Ree1 Rc6 42. Nd4 Rd6 43. N4b3 Qh3 44. Ne4 Qh2+ 45. Kf1 Qxb2 46. Nxd6 Qg2#
0-1

[Event "The OT.Com Tournament"]
[Site "SchemingMind.com"]
[Date "2006.05.05"]
[Round "-"]
[White "ricarleite"]
[Black "whitehaven"]
[Result "0-1"]
[WhiteCountry "BRA"]
[BlackCountry "CAN"]
[WhiteElo "1096"]
[WhiteRD "183"]
[BlackElo "1693"]
[BlackRD "164"]
[GameID "49588"]

1. e4 b6 2. Ne2 Ba6 3. c4 Bxc4 4. d3 Bb5 5. Nec3 Ba6 6. Be2 Nc6 7. O-O Nf6 8. Nd2 Nd4 9. Bf3 e5 10. Nd5 Bc5
11. Nb3 c6 12. Nc3 d5 13. Na4 Qd6 14. exd5 Bb7 15. Nd2 O-O 16. Nc4 Qb8 17. dxc6 Bxc6 18. Qe1 Re8 19. Be3 Nxf3+ 20. gxf3 Bxf3
21. Nxc5 Qc8 22. a4 Qg4#
0-1

[Event "The OT.Com Tournament"]
[Site "SchemingMind.com"]
[Date "2006.05.06"]
[Round "-"]
[White "DirtyWookie"]
[Black "whitehaven"]
[Result "1-0"]
[WhiteCountry "GBR"]
[BlackCountry "CAN"]
[WhiteElo "1071"]
[WhiteRD "182"]
[BlackElo "1693"]
[BlackRD "164"]
[GameID "49589"]

1. e4 d5 2. c4 d4 3. Qa4+ Bd7 4. Qb4 b6 5. Nf3 Nc6 6. Qb5 a6 7. Qd5 Nb4 8. Qe5 Nc2+ 9. Kd1 Nxa1 10. Qxd4 e6
11. b3 Nxb3 12. Qc3 Ba4 13. axb3 Bc6 14. Na3 g6 15. Qxh8 Nf6 16. Ne5 Bxe4 17. f3 Qd6 18. c5 Qe7 19. Nac4 O-O-O 20. fxe4 Bh6
21. Nd6+ cxd6 22. Nc6 Qd7 23. Bxa6+ Kc7 24. cxd6+ Qxd6 25. Qxf6 Bxd2 26. Qxf7+ Rd7 27. Qe8 Bxc1+ 28. Kxc1 Qxc6+ 29. Kb1 Rd1+ 30. Rxd1 Qxe8
31. Rc1+ Kd6 32. Rc8 Qa4 33. bxa4
1-0

[Event "The OT.Com Tournament"]
[Site "SchemingMind.com"]
[Date "2006.05.06"]
[Round "-"]
[White "Shimy"]
[Black "KingsClash"]
[Result "1-0"]
[WhiteCountry "CAN"]
[BlackCountry "USA"]
[WhiteElo "1327"]
[WhiteRD "174"]
[BlackElo "1216"]
[BlackRD "79"]
[GameID "49602"]

1. e4 e5 2. d3 f5 3. exf5 d5 4. Qh5+ g6 5. fxg6 Be6 6. Qxe5 Qf6 7. Qxc7 Nd7 8. Qxb7 Rd8 9. Qc6 Bb4+ 10. c3 Qe5+
11. Ne2 Bc5 12. d4 Bxd4 13. cxd4 Qe4 14. g7 Ne7 15. Qd6 Nb6 16. gxh8=Q+ Kf7 17. Qhxd8
1-0

[Event "The OT.Com Tournament"]
[Site "SchemingMind.com"]
[Date "2006.05.18"]
[Round "-"]
[White "Shimy"]
[Black "oojason"]
[Result "0-1"]
[WhiteCountry "CAN"]
[BlackCountry "ENG"]
[WhiteElo "1426"]
[WhiteRD "139"]
[BlackElo "1533"]
[BlackRD "106"]
[GameID "49603"]

1. d4 d5 2. Nf3 Bg4 3. Ne5 Bc8 4. f4 f6 5. Nd3 e6 6. e3 Bd6 7. g3 f5 8. b3 Nf6 9. Ne5 Bxe5 10. fxe5 Ne4
11. Qh5+ g6 12. Qh6 Qe7 13. Be2 a6 14. Ba3 Qf7 15. O-O b5 16. c4 c6 17. c5 a5 18. Bd1 b4 19. Bc1 Ba6 20. a3 Bxf1
21. Kxf1 bxa3 22. Nxa3 Na6 23. Nc2 Kd7 24. Rxa5 Rhb8 25. Ne1 Nb4 26. Rxa8 Rxa8 27. Be2 Ra1 28. Bb2 Ra2 29. Bc1 Nc2 30. Bd3 Nxe1
31. Kxe1 Nf2 32. Be2 Ne4 33. b4 Rc2 34. Ba3 Nc3 35. Bd3 Ra2 36. Bc1 Rg2 37. Qh3 Ra2 38. Bd2 Na4 39. Bb1 Ra1 40. Ke2 Rxb1
41. Kf3 h5 42. Qh4 Rb3 43. Qg5 Nc3 44. b5 cxb5 45. Kf2 Ne4+ 46. Ke2 Nxg5
0-1

[Event "The OT.Com Tournament"]
[Site "SchemingMind.com"]
[Date "2006.05.18"]
[Round "-"]
[White "Shimy"]
[Black "DirtyWookie"]
[Result "1-0"]
[WhiteCountry "CAN"]
[BlackCountry "GBR"]
[WhiteElo "1426"]
[WhiteRD "139"]
[BlackElo "1071"]
[BlackRD "182"]
[GameID "49605"]

1. e4 e5 2. d4 exd4 3. Qxd4 Nf6 4. e5 c5 5. Qf4 Qa5+ 6. c3 Nd5 7. Qc4 Nc6 8. Qxd5 f6 9. f4 g5 10. exf6 d6
11. fxg5 c4 12. Bxc4 Qa4 13. b3 Qa5 14. Qe4+ Kd7 15. f7 Kc7 16. Bf4 Bg7 17. Ne2 b5 18. Bd5 Qb6 19. Be3 Qa5 20. Bxc6 Rb8
21. Be8 d5 22. Qe7+ Bd7 23. Qxd7#
1-0

[Event "The OT.Com Tournament"]
[Site "SchemingMind.com"]
[Date "2006.05.06"]
[Round "-"]
[White "Shimy"]
[Black "whitehaven"]
[Result "0-1"]
[WhiteCountry "CAN"]
[BlackCountry "CAN"]
[WhiteElo "1327"]
[WhiteRD "174"]
[BlackElo "1835"]
[BlackRD "211"]
[GameID "49607"]

1. e4 d5 2. d3 d4 3. b4 e5 4. Qh5 Bxb4+ 5. Bd2 Nc6 6. f4 Qd6 7. a3 Bxd2+ 8. Nxd2 Nf6 9. Qg5 O-O 10. f5 Qc5
11. Nc4 b5 12. Nxe5 Nxe5 13. Nf3 Qc3+ 14. Qd2 Qxa1+ 15. Qd1 Qxa3 16. Nxe5 Re8 17. Nc6 Qc3+ 18. Qd2 Qxc6 19. Qb4 Qxc2 20. Qxd4 Qc1+
21. Ke2 Bxf5 22. h3 Qc2+ 23. Ke1 Rad8 24. Qc5 Rxe4+ 25. Be2 Qxe2#
0-1

[Event "The OT.Com Tournament"]
[Site "SchemingMind.com"]
[Date "2006.05.05"]
[Round "-"]
[White "KingsClash"]
[Black "Shimy"]
[Result "0-1"]
[WhiteCountry "USA"]
[BlackCountry "CAN"]
[WhiteElo "1216"]
[WhiteRD "79"]
[BlackElo "1327"]
[BlackRD "174"]
[GameID "49608"]

1. e4 e5 2. f4 exf4 3. d4 Qh4+ 4. g3 fxg3 5. Be3 gxh2+ 6. Bf2 Qxe4+ 7. Ne2 Qxh1 8. Ng3 Qd5 9. Nd2 Qe5+ 10. dxe5 Nc6
11. Nc4 b5 12. Ne3 Nxe5 13. Nd5 Bd6 14. Nf5 h1=Q 15. Nxd6+ cxd6 16. Nc7+ Ke7 17. Nxa8 Qxa8 18. Bh4+ f6 19. Bxb5 Qe4+ 20. Be2 Qxh4+
21. Kd2 d5 22. Kc1 Qb4 23. a3 Qf4+ 24. Qd2 Qxd2+ 25. Kxd2 g5 26. Rd1= Nh6 27. b4 Nc4+ 28. Ke1 Nxa3 29. Rxd5 Nxc2+
0-1

[Event "The OT.Com Tournament"]
[Site "SchemingMind.com"]
[Date "2006.05.05"]
[Round "-"]
[White "oojason"]
[Black "Shimy"]
[Result "1-0"]
[WhiteCountry "ENG"]
[BlackCountry "CAN"]
[WhiteElo "1654"]
[WhiteRD "158"]
[BlackElo "1327"]
[BlackRD "174"]
[GameID "49609"]

1. e4 e5 2. d4 Qh4 3. Qd3 d6 4. g3 Qf6 5. d5 Nd7 6. b4 g5 7. a4 g4 8. h4 b6 9. Qc3 h5 10. Bg5 Qg6
11. Nd2 a6 12. Bd3 a5 13. Bb5 axb4 14. Qxb4 Ba6 15. Bxd7+ Kxd7 16. Ne2 f6 17. Be3 Bh6 18. Bxh6 Qxh6 19. a5 Bb7 20. a6 Bc8
21. Qb5+ Ke7 22. a7 f5 23. Qc6 Rxa7 24. Rxa7 Nf6 25. Qxc7+ Nd7 26. Ra8 Qf8 27. Nc4 Kf7 28. Nxd6+ Kf6 29. Rxc8 Nc5 30. Rxf8+ Rxf8
31. Nc3 Na6 32. Qxb6 Nb8 33. Nxf5+ Kf7 34. Qe6#
1-0

[Event "The OT.Com Tournament"]
[Site "SchemingMind.com"]
[Date "2006.05.05"]
[Round "-"]
[White "ricarleite"]
[Black "Shimy"]
[Result "0-1"]
[WhiteCountry "BRA"]
[BlackCountry "CAN"]
[WhiteElo "1096"]
[WhiteRD "183"]
[BlackElo "1426"]
[BlackRD "139"]
[GameID "49610"]

1. e4 e5 2. Nf3 Nf6 3. Bd3 d6 4. O-O g6 5. Bc4 Nxe4 6. d3 Nc5 7. d4 Ne4 8. Bd3 f5 9. Nfd2 exd4 10. c3 Bg7
11. Nxe4 fxe4 12. Bxe4 Qe7 13. Nd2 Bf5 14. Bxb7 Nd7
0-1

[Event "The OT.Com Tournament"]
[Site "SchemingMind.com"]
[Date "2006.05.06"]
[Round "-"]
[White "DirtyWookie"]
[Black "Shimy"]
[Result "0-1"]
[WhiteCountry "GBR"]
[BlackCountry "CAN"]
[WhiteElo "950"]
[WhiteRD "194"]
[BlackElo "1327"]
[BlackRD "174"]
[GameID "49611"]

1. e4 e5 2. Nf3 b6 3. Nxe5 Bb7 4. c4 Bxe4 5. d3 Bb7 6. Qh5 g6 7. Qh3 Bg7 8. d4 Nf6 9. Nc3 Ne4 10. Nb5 O-O
11. f3 Ng5 12. Bxg5 Qxg5 13. Nxc7 Qe3+ 14. Be2 Qxd4 15. Rd1 Na6 16. Nxd7 Qxb2 17. Nxa8 Rxa8 18. Qg3 Rd8 19. Nb8 Rxd1+ 20. Kxd1 Qb1+
21. Kd2 Qxh1 22. Qc7 Nxc7 23. c5 bxc5 24. Nd7 Qxh2 25. Bf1 Qd6+ 26. Bd3 Qxd7
0-1

[Event "The OT.Com Tournament"]
[Site "SchemingMind.com"]
[Date "2006.05.05"]
[Round "-"]
[White "whitehaven"]
[Black "Shimy"]
[Result "1-0"]
[WhiteCountry "CAN"]
[BlackCountry "CAN"]
[WhiteElo "1835"]
[WhiteRD "211"]
[BlackElo "1327"]
[BlackRD "174"]
[GameID "49613"]

1. e4 e5 2. Nf3 Nc6 3. d4 d5 4. dxe5 dxe4 5. Qxd8+ Kxd8 6. Ng5 Nxe5 7. Nxe4 f5 8. Ng5 Nf6 9. Bf4 Neg4 10. Nf7+ Ke8
11. Nxh8 Be6 12. Bxc7 Rc8 13. Ba5 Rxc2 14. Bd3 Rc5 15. Bd2 a5 16. O-O Rd5 17. Bc4 Re5 18. Bxe6 Rxe6 19. Bxa5 Nd5 20. a3 b6
21. Nc3 Nc7 22. Bxb6 Rxb6 23. h3 Ne5 24. Rfe1 Bd6 25. Rad1 Kd7 26. f4 Nc4 27. Na4 Ra6 28. b3 Nxa3 29. Nf7 Nc2 30. Nc5+ Kc8
31. Nxa6 Nxe1 32. Rxe1 Bxf4 33. Nxc7 Bxc7 34. b4 Bf4 35. Rf1 Be3+ 36. Kh1 h5 37. Rxf5 g6 38. Rd5 h4 39. b5 Kc7 40. Rd6 g5
41. b6+ Kb7 42. Nd8+ Kb8 43. Rc6 Bxb6 44. Rxb6+ Kc7 45. Rg6 Kxd8 46. Rxg5
1-0

[Event "The OT.Com Tournament"]
[Site "SchemingMind.com"]
[Date "2006.05.07"]
[Round "-"]
[White "Warbler"]
[Black "KingsClash"]
[Result "0-1"]
[WhiteCountry "USA"]
[BlackCountry "USA"]
[WhiteElo "1313"]
[WhiteRD "151"]
[BlackElo "1198"]
[BlackRD "75"]
[GameID "49800"]

1. e4 c5 2. Bc4 Nf6 3. d3 e5 4. Nc3 d6 5. Nge2 Be7 6. O-O O-O 7. Be3 Bg4 8. Qd2 Nc6 9. Bd5 Nd4 10. Nxd4 cxd4
11. Bxd4 exd4 12. Nb5 Qb6 13. c4 Bd8 14. Rfe1 Qa5 15. Qf4 a6 16. Nxd6 Bc7 17. Nxf7 Bxf4 18. Nh6+ Kh8 19. Nf7+ Kg8 20. Nd6+ Nxd5
0-1

[Event "The OT.Com Tournament"]
[Site "SchemingMind.com"]
[Date "2006.05.07"]
[Round "-"]
[White "Warbler"]
[Black "oojason"]
[Result "1-0"]
[WhiteCountry "USA"]
[BlackCountry "ENG"]
[WhiteElo "1313"]
[WhiteRD "151"]
[BlackElo "1533"]
[BlackRD "106"]
[GameID "49801"]

1. e4 d5 2. d4 dxe4 3. d5 f5 4. Nc3 a6 5. Bc4 b5 6. Bb3 c6 7. dxc6 Nxc6 8. Bxg8 Rxg8 9. Bf4 Nd4 10. Nge2 Nxe2
11. Qxe2 e6 12. O-O g5 13. Rad1 Bd7 14. Qh5+ Rg6 15. Qxh7 Rg7 16. Qh5+ Rf7 17. Bd6 Bxd6 18. Rxd6 Qe7 19. Rfd1 Ra7 20. Qg6 Qf6
21. Qh5 Ke7 22. g4 Qe5 23. Qxg5+ Rf6 24. h4 Ke8 25. h5 Rf7 26. Qg6 Qf6 27. Qg8+ Rf8 28. Qh7 Qf7 29. Qh6 Rg8 30. Qd2 Rxg4+
31. Kf1 Rg7 32. Qd4 Rc7 33. Qb6 Qxh5 34. Qxc7 Qh1+ 35. Ke2 Qf3+ 36. Kd2 Qxf2+ 37. Kc1 Qe3+ 38. Kb1 Qf4 39. Qb8+ Kf7 40. Rxd7+ Kf6
41. Qf8+ Kg5 42. Rxg7+ Kh5 43. Rh1+ Qh4 44. Qh8#
1-0

[Event "The OT.Com Tournament"]
[Site "SchemingMind.com"]
[Date "2006.05.07"]
[Round "-"]
[White "Warbler"]
[Black "ricarleite"]
[Result "1-0"]
[WhiteCountry "USA"]
[BlackCountry "BRA"]
[WhiteElo "1370"]
[WhiteRD "127"]
[BlackElo "974"]
[BlackRD "147"]
[GameID "49802"]

1. e4 e5 2. Nf3 Bd6 3. Nc3 Nf6 4. Bc4 O-O 5. O-O Nc6 6. d4 exd4 7. Nxd4 Be5 8. Bg5 Na5 9. b3 Nc6 10. Ndb5 Nb4
11. Nd5
1-0